Old Flags of Countries #3 - Statistics

General Stats
  • This quiz has been taken 205 times
    84 since last reset
  • The average score is 12 of 16
Answer Stats
Picture Answer % Correct
Hungary
97%
Russia
95%
Ivory Coast (France)
88%
Norway
88%
Paraguay
88%
Turkey
88%
Egypt
86%
Saudi Arabia
86%
Algeria
84%
Ecuador
84%
Mali
74%
Greece
72%
Ireland
71%
Nigeria
43%
Burkina Faso
12%
Czechia
9%
No matching quizzes found
Score Distribution
Percent of People with Each Score
Percentile by Number Answered
Your Score History
You have not taken this quiz since the last reset